000
00324nam a22001337a 4500
020
_a
9789017015016
041
_a
ENG
100
_a
Chaydhary .H.P
245
_a
Competition Book Of General Science
260
_a
Rajasthan
_b
The Sprout PUB
_c
2018
300
_a
422
650
_a
Competitive Exam
856
_u
Competitive Exam
999
_c
162
_d
162